The world of words (Record no. 86445)

MARC details
000 -LEADER
fixed length control field 00658cam a22002291 4500
001 - CONTROL NUMBER
control field sa 68015432
003 - CONTROL NUMBER IDENTIFIER
control field DLC
005 - DATE AND TIME OF LATEST TRANSACTION
control field 20260227112643.0
008 - FIXED-LENGTH DATA ELEMENTS--GENERAL INFORMATION
fixed length control field 740129s1968 ii 00010 eng
010 ## - LIBRARY OF CONGRESS CONTROL NUMBER
LC control number sa 68015432 //r89
025 ## - OVERSEAS ACQUISITION NUMBER
Overseas acquisition number PL480:I-E-10795
050 0# - LIBRARY OF CONGRESS CALL NUMBER
Classification number PE3501
Item number .D9 1968
082 ## - DEWEY DECIMAL CLASSIFICATION NUMBER
Classification number 421/.5
100 10 - MAIN ENTRY--PERSONAL NAME
Personal name Dustoor, Phiroze Edulji,
Dates associated with a name 1898-
245 14 - TITLE STATEMENT
Title The world of words
Statement of responsibility, etc. [by] P. E. Dustoor.
260 0# - PUBLICATION, DISTRIBUTION, ETC.
Place of publication, distribution, etc. Bombay,
-- New York,
Name of publisher, distributor, etc. Asia Pub. House
Date of publication, distribution, etc. [1968]
300 ## - PHYSICAL DESCRIPTION
Extent viii, 292 p.
Dimensions 22 cm.
350 ## - PRICE (NR) (BK AM CF MU VM SE) [OBSOLETE]
Price 25.00
650 #0 - SUBJECT ADDED ENTRY--TOPICAL TERM
Topical term or geographic name entry element English language
Geographic subdivision India.
650 #0 - SUBJECT ADDED ENTRY--TOPICAL TERM
Topical term or geographic name entry element English language
General subdivision Pronunciation.
650 #0 - SUBJECT ADDED ENTRY--TOPICAL TERM
Topical term or geographic name entry element English language
General subdivision Etymology.

No items available.

Powered by Koha